Statistics for Sports By Picture - C

Click here to take the quiz!

General Stats

  • This quiz has been taken 89 times
  • The average score is 10 of 18

Answer Stats

Answer% Correct
Cricket
96%
Curling
88%
Captain
86%
Corner
79%
Dallas {Cowboys}
79%
Golf {Club}
78%
Cue
75%
Cycling
75%
Catch
73%
C{ross} C{ountry}
65%
Croquet
63%
Center
45%
Johan Cruyff
40%
Canter
34%
Crease
26%
Conversion
20%
Cartwheel
16%
Cibi
0%

Score Distribution

Percentile by Number Answered

Percent of People with Each Score

Your Score History

You have not taken this quiz